书目信息 |
| 题名: |
实习基地规程汇编
|
|
| 作者: | ;河南城建高等专科学校教务处 | |
| 分册: | ||
| 出版信息: |
|
|
| 页数: | ||
| 开本: | ||
| 丛书名: | ||
| 单 册: | ||
| 中图分类: | N031 | |
| 科图分类: | ||
| 主题词: | 自然科学--科学方法论 | |
| 电子资源: | ||
| ISBN: | ||
| 000 | 00561nam0 2200145 450 | |
| 001 | 1253414482 | |
| 005 | 20120405145126.95 | |
| 100 | @a20120405d km y0chiy0120 ea | |
| 101 | 0 | @achi |
| 200 | 1 | @a实习基地规程汇编@Ashi xi ji di gui cheng hui bian@f河南城建高等专科学校教务处@Fhe nan cheng jian gao deng zhuan ke xue xiao jiao wu chu |
| 606 | 0 | @a自然科学@x科学方法论 |
| 690 | @aN031@v4 | |
| 711 | 02 | @a河南城建高等专科学校教务处@Ahe nan cheng jian gao deng zhuan ke xue xiao jiao wu chu |
| 801 | 0 | @aCN@b大连网信软件有限公司图书馆·11@c20120405 |
| 905 | @aZUCC@dN031@eH2624 | |
| 实习基地规程汇编/河南城建高等专科学校教务处 |
| ISBN : |
| ● |
| 相关链接 |
|
|
|
正题名:实习基地规程汇编
索取号:N031/H2624
 
预约/预借
| 序号 | 登录号 | 条形码 | 馆藏地/架位号 | 状态 | 备注 |
| 1 | 485604 | 204856049 | 测绘与城市空间信息学院资料室/ [索取号:N031/H2624] | 在馆 |